000 00696nam a2200217Ii 4500
003 JO-AjNU
008 230605s9999||||xx |||||||||||||| ||und||
017 _a2005/5/1207
040 _aJO-AjNU
_bara
_erda
_cJO-AjNU
041 _aara
050 1 4 _aHF5549 .S296 2006
100 3 _aتأليف: الصيرفي،محمد عبدالفتاح,
_eauthor
_931628
245 0 0 _aادارة الموارد البشرية
250 _aط1
264 3 1 _aعمان: دار المناهج للنشر والتوزيع،2006
300 _a337ص
336 _atext
_btxt
_2rdacontent
337 _aunmediated
_bn
_2rdamedia
338 _avolume
_bnc
_2rdacarrier
650 4 _aادارة الافراد
_931629
999 _aA12671
_c16239
_d16239